Statistiques concernant Trouve les paroles - Qui a le droit - Patrick Bruel

Cliquez ici pour prendre le quiz!

Statistiques générales

  • Ce quiz a été pris 289 fois
  • Le résultat moyen est 202 sur 237

Statistiques - réponses

Réponse% Correct
a
100%
A
100%
À
100%
à
100%
de
99%
De
99%
Qui
99%
qui
99%
Le
98%
le
98%
droit
97%
en
96%
ça
95%
enfant
95%
la
95%
un
95%
les
94%
on
94%
On
94%
pas
93%
quoi
93%
Te
93%
croit
92%
disent
92%
grands
92%
m'a
92%
sa
92%
vie
92%
faire
91%
vraiment
91%
des
90%
dit
90%
Et
90%
et
90%
c'que
89%
C'que
89%
merci
89%
Merci
89%
Pour
89%
pour
89%
d'faire
88%
dire
88%
l'on
88%
ment
88%
passe
88%
tu
88%
Tu
88%
beau
87%
enfants
87%
que
87%
temps
87%
trop
87%
m'avait
86%
pluie
86%
sert
86%
sais
85%
petit
84%
pose
84%
c'est
83%
il
83%
une
82%
tout
81%
d'questions
80%
avec
79%
Avec
79%
père
79%
savoir
79%
son
79%
T'es
79%
vouloir
79%
t'répond
78%
mais
77%
mien
77%
quand
77%
rien
77%
tous
77%
comprendre
76%
fait
76%
j'ai
76%
l'air
76%
ou
76%
place
76%
prendre
76%
Regarde
76%
voir
76%
Maman
75%
peux
75%
vois
75%
grandi
74%
bien
73%
Faut
73%
p'tit
73%
sont
73%
écouter
72%
s'est
72%
soleil
72%
m'avais
71%
pareils
71%
brûle
70%
hommes
70%
Oui
70%
paire
70%
seul
69%
Y'a
69%
y'a
69%
brille
68%
qu'un
68%
dieux
67%
l'soleil
67%
plusieurs
67%
sur
67%
sûr
67%
toi
67%
aussi
66%
bulles
66%
qu'on
65%
bois
63%
conneries
63%
parles
63%
t'en
63%
j'suis
62%
meurs
62%
belles
61%
histoires
60%
nos
59%
soif
59%
Alors
58%
croient
58%
doutes
56%
angoisses
54%
route
54%
peurs
52%
maintenant
49%
s'retrouve
48%

Distribution des résultats

Percentile par nombre de réponses

% des personnes avec chaque résultat

Votre développement - résultats

Vous n’avez pas pris ce quiz